000 00317nam a2200121Ia 4500
008 220204s9999 xx 000 0 und d
082 _a579.26
_bMAR
100 _aMARSHALL, K C
245 0 _aInterfaces in microbial ecology.
260 _aLondon
_bHarvard University
_c1976
650 _aMicrobial ecology
942 _cBK
999 _c24904
_d24904